| 000 | 01289nac a22003371i 4500 | ||
|---|---|---|---|
| 003 | EG-ScBUE | ||
| 005 | 20241217095316.0 | ||
| 008 | 241217t2008 ohia f 001 0 eng d | ||
| 020 | _a9780324381443 (hbk. : student ed.) | ||
| 020 | _a09324381441 | ||
| 040 |
_aEG-ScBUE _beng _erda _cEG-ScBUE _dEG-ScBUE |
||
| 082 | 0 | 4 |
_a519.5 _bWEI _222 |
| 100 | 1 |
_aWeiers, Ronald M., _eauthor. |
|
| 245 | 1 | 0 |
_aIntroduction to business statistics / _cRonald M. Weiers, Eberly College of Business and Information Technology, Indiana University of Pennsylvania ; with business cases by J. Brian Gray, University of Alabama, Lawrence H. Peters, Texas Christian University. |
| 250 | _aSixth edition. | ||
| 264 | 1 |
_aMason, OH : _bThomson Higher Education, _c[2008] |
|
| 264 | 4 | _cc2008 | |
| 300 |
_axxii, 853 pages : _billustrations ; _c26 cm + _e1 CD |
||
| 336 |
_2rdacontent _atext _btxt |
||
| 336 |
_2rdacontent _asounds _bsnd |
||
| 337 |
_aunmediated _2rdamedia _bn |
||
| 337 |
_aaudio _2rdamedia _bs |
||
| 338 |
_avolume _bnc _2rdacarrier |
||
| 338 |
_acomputer disc _bcd _2rdacarrier |
||
| 500 | _aIncludes index. | ||
| 650 | 7 |
_aCommercial statistics. _2BUEsh |
|
| 655 | _vReading book | ||
| 700 | 1 |
_aGray, J. Brian, _eauthor. |
|
| 700 | 1 |
_aPeters, Lawrence H., _eauthor. |
|
| 942 |
_cBB _2ddc |
||
| 999 |
_c8645 _d8645 |
||